Advances in Mechanical Engineering (Запис № 451355)

МАРК-запис
000 -LEADER
fixed length control field 04779nam a22006015i 4500
001 - CONTROL NUMBER
control field 978-3-319-53363-6
003 - CONTROL NUMBER IDENTIFIER
control field DE-He213
005 - DATE AND TIME OF LATEST TRANSACTION
control field 20210118143957.0
007 - PHYSICAL DESCRIPTION FIXED FIELD--GENERAL INFORMATION
fixed length control field cr nn 008mamaa
008 - FIXED-LENGTH DATA ELEMENTS--GENERAL INFORMATION
fixed length control field 170325s2017 gw | s |||| 0|eng d
020 ## - INTERNATIONAL STANDARD BOOK NUMBER
International Standard Book Number 9783319533636
-- 978-3-319-53363-6
024 7# - OTHER STANDARD IDENTIFIER
Standard number or code 10.1007/978-3-319-53363-6
Source of number or code doi
050 #4 - LIBRARY OF CONGRESS CALL NUMBER
Classification number TA213-215
072 #7 - SUBJECT CATEGORY CODE
Subject category code TGBN
Source bicssc
072 #7 - SUBJECT CATEGORY CODE
Subject category code TEC046000
Source bisacsh
072 #7 - SUBJECT CATEGORY CODE
Subject category code TGBN
Source thema
082 04 - DEWEY DECIMAL CLASSIFICATION NUMBER
Classification number 621.8
Edition number 23
245 10 - TITLE STATEMENT
Title Advances in Mechanical Engineering
Medium [electronic resource] :
Remainder of title Selected Contributions from the Conference “Modern Engineering: Science and Education”, Saint Petersburg, Russia, June 2016 /
Statement of responsibility, etc edited by Alexander N. Evgrafov.
250 ## - EDITION STATEMENT
Edition statement 1st ed. 2017.
264 #1 -
-- Cham :
-- Springer International Publishing :
-- Imprint: Springer,
-- 2017.
300 ## - PHYSICAL DESCRIPTION
Extent VIII, 189 p. 114 illus.
Other physical details online resource.
336 ## -
-- text
-- txt
-- rdacontent
337 ## -
-- computer
-- c
-- rdamedia
338 ## -
-- online resource
-- cr
-- rdacarrier
347 ## -
-- text file
-- PDF
-- rda
490 1# - SERIES STATEMENT
Series statement Lecture Notes in Mechanical Engineering,
Міжнародний стандартний серійний номер для назви серії (ISSN) 2195-4356
505 0# - FORMATTED CONTENTS NOTE
Formatted contents note The Combined Cold Axial Rotary Forging of Thick Hollow Flanges -- Bench Tests of Vibroacoustic Effects -- Stability of Walking Algorithms -- Deleting Objects Algorithm for the Optimization of Orthogonal Packing Problems -- Computational Technique of Plotting Campbell Diagrams for Turbine Blades -- Computer Simulation of Mechanisms -- Principle of Compatibility of Heterogeneous Additives in Triboactive Metalworking Fluids for Edge Cutting of Metals -- Some Ways of Stable Counterbalancing in Respect to Moving Masses on Centrifuges -- Self-Oscillations of Machines and Mechanisms -- Analysis of Machine Tool Installation on the Base -- About the Nature Of Dissipative Processes in Cutting Treatments of Titanium vanes -- The Model of the Elastic–Plastic Deformation of a Structural Member -- Parametric Vibrations Excitation in Cyclic Mechanisms -- Theoretical and Practical Conditions of Fully-Reversible Rotation in Bennett Mechanisms -- Dislocation-phonon Mechanism and Interpolation Dependence of Fatigue-Damaged Structural Steel -- Calculation of Shells of Revolution with Arbitrary Meridian Oscillations.
520 ## - SUMMARY, ETC.
Summary, etc This book draws together the most interesting recent results to emerge in mechanical engineering in Russia, providing a fascinating overview of the state of the art in the field in that country which will be of interest to a wide readership. A broad range of topics and issues in modern engineering are discussed, including dynamics of machines, materials engineering, structural strength and tribological behavior, transport technologies, machinery quality and innovations. The book comprises selected papers presented at the conference "Modern Engineering: Science and Education", held at the Saint Petersburg State Polytechnic University in 2016 with the support of the Russian Engineering Union. The authors are experts in various fields of engineering, and all of the papers have been carefully reviewed. The book will be of interest to mechanical engineers, lecturers in engineering disciplines and engineering graduates.
506 ## - RESTRICTIONS ON ACCESS NOTE
Terms governing access Available to subscribing member institutions only. Доступно лише організаціям членам підписки.
506 ## - RESTRICTIONS ON ACCESS NOTE
Standardized terminology for access restriction Online access from local network of NaUOA.
506 ## - RESTRICTIONS ON ACCESS NOTE
Standardized terminology for access restriction Online access with authorization at https://link.springer.com/
506 ## - RESTRICTIONS ON ACCESS NOTE
Standardized terminology for access restriction Онлайн-доступ з локальної мережі НаУОА.
506 ## - RESTRICTIONS ON ACCESS NOTE
Standardized terminology for access restriction Онлайн доступ з авторизацією на https://link.springer.com/
650 #0 - SUBJECT ADDED ENTRY--TOPICAL TERM
Topical term or geographic name as entry element Machinery.
650 #0 - SUBJECT ADDED ENTRY--TOPICAL TERM
Topical term or geographic name as entry element Mechanics.
650 #0 - SUBJECT ADDED ENTRY--TOPICAL TERM
Topical term or geographic name as entry element Mechanics, Applied.
650 #0 - SUBJECT ADDED ENTRY--TOPICAL TERM
Topical term or geographic name as entry element Computer mathematics.
650 14 - SUBJECT ADDED ENTRY--TOPICAL TERM
Topical term or geographic name as entry element Machinery and Machine Elements.
-- http://scigraph.springernature.com/things/product-market-codes/T17039
650 24 - SUBJECT ADDED ENTRY--TOPICAL TERM
Topical term or geographic name as entry element Solid Mechanics.
-- http://scigraph.springernature.com/things/product-market-codes/T15010
650 24 - SUBJECT ADDED ENTRY--TOPICAL TERM
Topical term or geographic name as entry element Computational Science and Engineering.
-- http://scigraph.springernature.com/things/product-market-codes/M14026
700 1# - ADDED ENTRY--PERSONAL NAME
Personal name Evgrafov, Alexander N.
Relator term editor.
Relator code edt
-- http://id.loc.gov/vocabulary/relators/edt
710 2# - ADDED ENTRY--CORPORATE NAME
Corporate name or jurisdiction name as entry element SpringerLink (Online service)
773 0# - HOST ITEM ENTRY
Title Springer eBooks
776 08 - ADDITIONAL PHYSICAL FORM ENTRY
Display text Printed edition:
International Standard Book Number 9783319533629
776 08 - ADDITIONAL PHYSICAL FORM ENTRY
Display text Printed edition:
International Standard Book Number 9783319533643
776 08 - ADDITIONAL PHYSICAL FORM ENTRY
Display text Printed edition:
International Standard Book Number 9783319851341
830 #0 - SERIES ADDED ENTRY--UNIFORM TITLE
Uniform title Lecture Notes in Mechanical Engineering,
-- 2195-4356
856 40 - ELECTRONIC LOCATION AND ACCESS
Uniform Resource Identifier <a href="https://doi.org/10.1007/978-3-319-53363-6">https://doi.org/10.1007/978-3-319-53363-6</a>
912 ## -
-- ZDB-2-ENG
942 ## - ADDED ENTRY ELEMENTS (KOHA)
Koha item type ЕКнига

Немає доступних примірників.